| 000 | 00392cam a22001217a 4500 | ||
|---|---|---|---|
| 008 | 180718b1983 xxu||||| |||| 00| 0 eng d | ||
| 082 | _aT2196x54 In2s | ||
| 100 | _aVepa, Ram K. | ||
| 245 |
_aSmall industry development programme _cby Ram K. Vepa |
||
| 260 |
_aNew Delhi _bIndian Institute of Public Administration _c1983 |
||
| 300 | _a118p | ||
| 650 | _aSmall business --India --Government policy | ||
| 999 |
_c475902 _d475902 |
||